000 00426nam a22001697a 4500
003 UA-OsUOA
001 5346
007 ta
008 20050721b un ||||| |||| 00| 0 ukr d
100 _aЗарва
700 _aО. М.
942 _cBK
040 _aUA-OsUOA
_cUA-OsUOA
_dUA-OsUOA
245 _aВикорнистання гри у навчан. монолог. мовлення...
_bBA Paper
955 _a2
650 7 _2UDC
999 _c291508
_d291508